Taylor Swift Filmography - Statistics

General Stats
  • This quiz has been taken 206 times
    7 since last reset
  • The average score is 27 of 120
Answer Stats
Type Year Name % Correct
Film 2019 Cats
100%
Film 2009 Hannah Montana: The Movie
100%
TV Show 2009-2023 Saturday Night Live
100%
Concert Film 2023 Taylor Swift: The Eras Tour
100%
Film 2012 The Lorax
100%
Short Film 2021 All Too Well: The Short Film
80%
Film 2022 Amsterdam
80%
TV Show 2009 CSI: Crime Scene Investigation
80%
Documentary 2020 Miss Americana
80%
TV Show 2013 New Girl
80%
TV Special 2014 Taylor Swift: 1989
80%
Video Album 2018 Taylor Swift: Reputation Stadium Tour
80%
TV Special 2010 Taylor Swift: Speak Now
80%
Film 2014 The Giver
80%
Film 2010 Valentine's Day
80%
Commercial 2013-2014 Coca-Cola
60%
Concert Film 2020 Folklore: The Long Pond Studio Sessions
60%
Concert Film 2009 Jonas Brothers: The 3D Concert Experience
60%
Video Album 2011 Speak Now World Tour - Live
60%
Documentary Mini-Series 2011 Taylor Swift: Journey to Fearless
60%
Documentary Mini-Series 2025 Taylor Swift: The End of an Era
60%
Concert Film 2025 Taylor Swift: The Eras Tour - The Final Show
60%
TV Show 2013-2014, 2019 The Voice
60%
Commercial 2016 Apple Music
40%
Documentary 2019 Bluebird
40%
Commercial 2019-2022 Capital One
40%
TV Show 2008 CMT Crossroads
40%
Video Album 2009 CMT Crossroads: Taylor Swift and Def Leppard
40%
TV Show 2009, 2010, 2012, 2023 Dancing with the Stars
40%
Commercial 2013-2015 Keds
40%
Commercial 2012-2013 Macy's
40%
TV Show 2012 Punk'd
40%
Video Album 2015 Taylor Swift: The 1989 World Tour Live
40%
Documentary 2025 Taylor Swift: The Official Release Party of a Showgirl
40%
Commercial 2011 'Wonderstruck' Fragrance
40%
Documentary Series 2012 20/20
20%
Documentary Series 2011 60 Minutes
20%
Video Game 2009 Band Hero
20%
Commercial 2010-2011 CoverGirl
20%
Commercial 2016-2018 DirecTV
20%
TV Show 2013 El hormiguero
20%
Commercial 2011, 2014 Elizabeth Arden
20%
Commercial 2015 Evolution of Smooth
20%
Commercial 2009 Nashville Predators
20%
TV Special 2008 Once Upon a Prom
20%
TV Special 2020 One World: Together at Home
20%
TV Special 2015 Saturday Night Live: 40th Anniversary Special
20%
Web Series 2020 Selena + Chef
20%
Commercial 2010, 2012 Sony
20%
TV Show 2019 Strictly Come Dancing
20%
TV Show 2011 Take Two with Phineas and Ferb
20%
Commercial 2010-2017 Target
20%
Short TV Documentary 2006 Taylor Swift: A Place in This World
20%
Concert Film 2020 Taylor Swift: City of Lover Concert
20%
Commercial 2015 Toyota
20%
Commercial 2013 Ulta Beauty
20%
Commercial 2017 UPS
20%
Commercial 2012 Vogue
20%
Award Show 2008 2008 CMT Online Awards
0%
TV Show 2008 American Idol
0%
TV Show 2007 America's Got Talent
0%
Documentary 2014 America's Sweethearts - The Queens of Nashville
0%
TV Special 2008 A Night for Vets: An MTV Concert for the Brave
0%
TV Show 2009 Australia's Funniest Home Video Show
0%
TV Show 2008 Battleground Earth: Ludacris vs. Tommy Lee
0%
TV Show 2012 Beat the Raab
0%
TV Show 2013 Britain's Got Talent
0%
TV Special 2009 Children in Need
0%
TV Special 2007 Christmas in Rockefeller Center
0%
Documentary Series 2008 CMT Giants
0%
TV Special 2009 CMT Star: Nashville Mansions
0%
Web Special 2022 Coal Miner's Daughter: A Celebration of the Life and Music of Loretta Lynn
0%
TV Special 2008, 2012, 2014 Dick Clark's New Year's Rockin' Eve
0%
TV Documentary 2010 E! Entertainment Special: Taylor Swift
0%
Documentary Series 2008, 2010 E! True Hollywood Story
0%
TV Special 2009 George Strait: ACM Artist of the Decade All Star Concert
0%
TV Show 2011 Hamish & Andy's Gap Year
0%
TV Special 2010 Hope for Haiti Now: A Global Benefit for Earthquake Relief
0%
TV Special 2014, 2019 iHeartRadio Jingle Ball
0%
TV Show 2009 Kathy Griffin: My Life on the D-List
0%
TV Show 2012 Legendários
0%
TV Show 2013 Let's Dance for Comic Relief
0%
TV Special 2013 Macy's 4th of July Fireworks Spectacular
0%
TV Special 2011 Music Builds: The CMT Disaster Relief Concert
0%
TV Show 2023-2024 NBC Sunday Night Football
0%
TV Show 2024 NFL Monday Night Football
0%
Web Series 2022, 2023 NFL on Prime Video
0%
TV Show 2022, 2023, 2025 NFL Thursday Night Football
0%
TV Documentary 2010 On the Set with Taylor Swift: Fifteen
0%
TV Documentary 2008 On the Set with Taylor Swift: Love Story
0%
TV Documentary 2008 On the Set with Taylor Swift: Picture to Burn
0%
TV Documentary 2009 On the Set with Taylor Swift: White Horse
0%
TV Documentary 2009 On the Set with Taylor Swift: You Belong with Me
0%
Web Special 2019 Prime Day Concert
0%
TV Special 2012 Restore the Shore
0%
TV Show 2011, 2013 SmapxSmap
0%
TV Special 2012 Stand Up to Cancer
0%
Documentary 2015 Taylor Swift: America's Sweetheart
0%
Documentary 2013 Taylor Swift: From the Heart
0%
Documentary 2011 Taylor Swift: Just for You
0%
Documentary 2015 Taylor Swift: Life on Stage
0%
TV Special 2019 Taylor Swift: Lover's Lounge Live
0%
TV Special 2014 Taylor Swift's 1989 Secret Session with iHeartRadio
0%
Concert Film 2017 Taylor Swift: Super Saturday Night Show
0%
Documentary Mini-Series 2024 Taylor Swift vs Scooter Braun: Bad Blood
0%
TV Special 2014 Thank You, America!
0%
TV Show 2010 The Buried Life
0%
Documentary 2023 The Complete Taylor Swift Story
0%
Documentary 2024 The Real! Taylor Swift and Travis Kelce - Love Story or Anti-Hero?
0%
Documentary 2021 The Real Taylor Swift: Wild Dreams
0%
TV Special 2021, 2022 The Rock & Roll Hall of Fame Induction Ceremony
0%
Documentary 2020 The Taylor Swift Story: Dare to Dream
0%
TV Show 2012 The X Factor
0%
TV Show 2012, 2013, 2014 The X Factor UK
0%
TV Special 2008 Total Finale Live
0%
TV Show 2008 Total Request Live
0%
TV Special 2009 Verizon Presents Taylor Swift Live at Bishop Ireton High School
0%
TV Special 2013, 2014 Victoria's Secret Fashion Show
0%
TV Show 2010 X Factor (Italy)
0%
TV Special 2012 Z100's Jingle Ball
0%
No matching quizzes found
Score Distribution
Percent of People with Each Score
Percentile by Number Answered
Your Score History
You have not taken this quiz since the last reset